1933 1880 1936 1248 1222 1188 1882 1465 1553 1434 1337 1647 1589 1153 1853 1430 1484 1158 1162 1467 1615 1709 1258 1233 1128 1561 1877 1540 1648 1200 1071 1285 1941 1976 1851 1487 1096 1963 1368 1167 1863 1964 1936 1204 1197 1082 1035 1824 1812 1077 1241 1128 1759 1694 1286 1625 1589 1889 1092 1107 1498 1558 1558 1509 1181 1032 1150 1760 1251 1037 1314 1687 1250 1427 1670 1631 1724 1702 1570 1651 1797 1173 1844 1857 1387 1632 1555 1604 1896 1147 1565 1733 1968 1571 1645 1289 1904 1388 1396 BCNSPRNW ULIB Ver.6.0+V

เปลี่ยนเป็นภาษาไทย

Change to English
 แสดงรายละเอียดบรรณานุกรม
  กลับหน้าหลัก

Brief Record : Get Marc (ISO 2709) : E-mail record : QR code < ปิดหน้าต่าง
LEADER : 00000nam 2200000uu 4500
001    13399112901
003     ULIB
008    110916s2552||||th 000 0 tha d
020    9786160600717
090    นว.^bม730ป 2552
100 0  เมเปิ้ลสีขาว
245 00 ปรุงรักให้ครบรส/^cเมเปิ้ลสีขาว
250    พิมพ์ครั้งที่ 2
260    กรุงเทพฯ :^bแจ่มใส,^c2552
300    280 หน้า
945    ^p179^l0^i16297
995    กัณชพร
999    ^aใช้งานได้ทุกระบบ
รายการนี้ยังไม่มีแท็ก
คุณยังไม่ได้ล็อกอิน คุณสามารถมีกิจกรรมร่วมกับเว็บไซต์ได้ แต่ต้องล็อกอินก่อน ::
  ล็อกอิน

รายการสื่อสารสนเทศ

ลำดับที่ ประเภท เลขเรียก/บาร์โค้ด สถานที่ สถานะ
1. นวนิยาย
นวนิยาย
นว. ม730ป 2552  
  Barcode: 16297
ห้องสมุดวิทยาเขตนครสวรรค์
►นวนิยาย:l:Fiction
บนชั้น

รายการใกล้เคียง
    ผู้แต่ง [เมเปิ้ลสีขาว]

BibComment


ยังไม่เคยถูกคอมเมนท์

คอมเมนท์ทรัพยากรรายการนี้
  คอมเมนท์: ปรุงรักให้ครบรส เ..


 Copyright 2026. Bcnsprnw @Library